ARRUPE JESUIT UNIVERSITY

CORONAVIRUS -STOP THE SPREAD - CLEAN,DISINFECT,COVER

Die Grundbegriffe der Metaphysik : (Record no. 131318)

MARC details
000 -LEADER
fixed length control field 00915cam a2200253 a 4500
001 - CONTROL NUMBER
control field 4738546
003 - CONTROL NUMBER IDENTIFIER
control field ARRUPE
005 - DATE AND TIME OF LATEST TRANSACTION
control field 20220421091347.0
008 - FIXED-LENGTH DATA ELEMENTS--GENERAL INFORMATION
fixed length control field 840327s1983 gw b 000 0 ger
010 ## - LIBRARY OF CONGRESS CONTROL NUMBER
LC control number 84140542
040 ## - CATALOGING SOURCE
Original cataloging agency DLC
Transcribing agency DLC
Modifying agency DLC
-- OCoLC
-- DLC
050 00 - LIBRARY OF CONGRESS CALL NUMBER
Classification number B3279
Item number .H45 1976
082 00 - DEWEY DECIMAL CLASSIFICATION NUMBER
Classification number 193 s
-- 110
Edition number 19
300 ## - PHYSICAL DESCRIPTION
Dimensions 21 cm.
100 1# - MAIN ENTRY--PERSONAL NAME
Personal name Heidegger, Martin,
Dates associated with a name 1889-1976.
245 14 - TITLE STATEMENT
Title Die Grundbegriffe der Metaphysik :
Remainder of title Welt, Endlichkeit, Einsamkeit /
Statement of responsibility, etc Martin Heidegger.
260 ## - PUBLICATION, DISTRIBUTION, ETC. (IMPRINT)
Place of publication, distribution, etc Frankfurt am Main :
Name of publisher, distributor, etc V. Klostermann,
Date of publication, distribution, etc c1983.
300 ## - PHYSICAL DESCRIPTION
Extent xix, 542 p. ;
490 1# - SERIES STATEMENT
Series statement Gesamtausgabe. II. Abteilung, Vorlesungen 1923-1944 / Martin Heidegger ;
Volume number/sequential designation Bd. 29/30
504 ## - BIBLIOGRAPHY, ETC. NOTE
Bibliography, etc Includes bibliographical references.
650 #0 - SUBJECT ADDED ENTRY--TOPICAL TERM
Topical term or geographic name as entry element Metaphysics.
800 1# - SERIES ADDED ENTRY--PERSONAL NAME
Personal name Heidegger, Martin,
Dates associated with a name 1889-1976.
Title of a work Works.
Date of a work 1975 ;
Volume/sequential designation Bd. 29/30.
9 (RLIN) 51364
906 ## - LOCAL DATA ELEMENT F, LDF (RLIN)
a 7
b cbc
c orignew
d 2
e ncip
f 19
g y-gencatlg
942 ## - ADDED ENTRY ELEMENTS (KOHA)
Source of classification or shelving scheme Library of Congress Classification
Koha item type Monograph ( Printed materials)
Holdings
Withdrawn status Lost status Source of classification or shelving scheme Damaged status Not for loan Collection code Home library Current library Shelving location Date acquired Total Checkouts Full call number Barcode Date last seen Price effective from Koha item type
    Library of Congress Classification     Main Collection ARRUPE LIBRARY ARRUPE LIBRARY Main Collection 21/04/2022   B3279 .H45 1976 46600008694 21/04/2022 21/04/2022 Monograph ( Printed materials)

 

Arrupe Library. PO Box MP320 Mt Pleasant, Harare, Zimbabwe
263 242 745411|librarian@aju.ac.zw